The Social Structure of the First Crusade (Record no. 66876)

MARC details
000 -LEADER
fixed length control field 00956nam a2200241Ii 4500
008 - FIXED-LENGTH DATA ELEMENTS--GENERAL INFORMATION
fixed length control field 221202s xx 000 0 und d
100 1# - MAIN ENTRY--PERSONAL NAME
Personal name Kostick, Conor,
Relator term author
245 #4 - TITLE STATEMENT
Title The Social Structure of the First Crusade
264 ## - PRODUCTION, PUBLICATION, DISTRIBUTION, MANUFACTURE, AND COPYRIGHT NOTICE
Name of producer, publisher, distributor, manufacturer Brill
Date of production, publication, distribution, manufacture, or copyright notice 2008
300 ## - PHYSICAL DESCRIPTION
Extent 1 online resource
336 ## - CONTENT TYPE
Content type term text
Content type code txt
Source rdacontent
337 ## - MEDIA TYPE
Media type term computer
Media type code c
Source rdamedia
338 ## - CARRIER TYPE
Carrier type term online resource
Carrier type code cr
Source rdacarrier
490 ## - SERIES STATEMENT
Series statement The Medieval Mediterranean
520 ## - SUMMARY, ETC.
Summary, etc. This books provides a detailed analysis of the social structure of the First Crusade (1096 : 1099) along with an original assessment of the sociology of its contemporary or near contemporary sources.
653 ## - INDEX TERM--UNCONTROLLED
Uncontrolled term Antioch
653 ## - INDEX TERM--UNCONTROLLED
Uncontrolled term Bohemond I Of Antioch
653 ## - INDEX TERM--UNCONTROLLED
Uncontrolled term Crusades
653 ## - INDEX TERM--UNCONTROLLED
Uncontrolled term History
653 ## - INDEX TERM--UNCONTROLLED
Uncontrolled term Medieval History History
856 ## - ELECTRONIC LOCATION AND ACCESS
Uniform Resource Identifier <a href="https://library.oapen.org/bitstream/20.500.12657/31507/1/627430.pdfhttp://library.oapen.org/handle/20.500.12657/31507">https://library.oapen.org/bitstream/20.500.12657/31507/1/627430.pdfhttp://library.oapen.org/handle/20.500.12657/31507</a>
942 ## - ADDED ENTRY ELEMENTS (KOHA)
Koha item type E-Book
Holdings
Withdrawn status Damaged status Not for loan Home library Current library Date acquired Total Checkouts Date last seen Price effective from Koha item type
      Directory of Open Access Books Directory of Open Access Books 11/28/2022   11/28/2022 11/28/2022 E-Book

University of Rizal System
Email us at univlibservices@urs.edu.ph

Visit our Website www.urs.edu.ph/library